Biggest Trading Partners - Belgium - Statistics

General Stats
  • This quiz has been taken 781 times
  • The average score is 19 of 20
Answer Stats
Imports Answer % Correct
35.26 bil France
99%
61.29 bil France
99%
50.61 bil Germany
99%
66.36 bil Germany
99%
60.04 bil Netherlands
98%
44.73 bil Netherlands
98%
17.78 bil United Kingdom
98%
35.42 bil United Kingdom
98%
8.84 bil Spain
97%
10.61 bil Spain
97%
30.11 bil United States of America
96%
23.84 bil United States of America
96%
16.17 bil China
95%
7.67 bil China
95%
14.64 bil Italy
95%
20.82 bil Italy
95%
9.19 bil Japan
85%
7.97 bil Poland
82%
16.60 bil Ireland
75%
8.98 bil India
70%
No matching quizzes found
Score Distribution
Percent of People with Each Score
Percentile by Number Answered
Your Score History
You have not taken this quiz